Normal view
MARC view
- القاون الدولي البحري-القانون العسكري
Entry Topical Term
001 - CONTROL NUMBER
- control field: 16359
003 - CONTROL NUMBER IDENTIFIER
- control field: JO-AjAnu
005 - DATE AND TIME OF LATEST TRANSACTION
- control field: 20230606072917.0
008 - FIXED-LENGTH DATA ELEMENTS
- fixed length control field: 230606|| aca||aabn | a|a d
040 ## - CATALOGING SOURCE
- Original cataloging agency: JO-AjAnu
- Transcribing agency: JO-AjAnu
150 ## - HEADING--TOPICAL TERM
- Topical term or geographic name entry element: القاون الدولي البحري-القانون العسكري
670 ## - SOURCE DATA FOUND
- Source citation: Work cat.: (JO-AjAnu)8396: الطائي، عادل احمد, author 16358, النظام القانوني للاستخدام العسكرية للبحار